Normal view
MARC view
Entry Personal Name
001 - CONTROL NUMBER
- control field: 22344
003 - CONTROL NUMBER IDENTIFIER
- control field: dpl
005 - DATE AND TIME OF LATEST TRANSACTION
- control field: 20100929115444.0
008 - FIXED-LENGTH DATA ELEMENTS
- fixed length control field: 100929|||a|||||| | ||| d
040 ## - CATALOGING SOURCE
- Original cataloging agency: dpl
- Transcribing agency: dpl
100 ## - HEADING--PERSONAL NAME
- Personal name: Cooke, Stephanie.
670 ## - SOURCE DATA FOUND
- Source citation: Work cat.: (dpl)0: Cooke, Stephanie., In mortal hands :, 2010
670 ## - SOURCE DATA FOUND
- Source citation: Work cat.: (dpl)0: Cooke, Stephanie., In mortal hands :, 2010
